Statistics for NCAA College FCS Teams Quiz

Click here to take the quiz!

General Stats

  • This quiz has been taken 203 times
    (187 since last reset)
  • The average score is 70 of 128

Answer Stats

Answer% Correct
Yale
94%
Harvard
92%
Brown
90%
Cornell
90%
Princeton
90%
Dartmouth
89%
Montana
88%
North Dakota
87%
Penn
87%
South Dakota
86%
Columbia
85%
Southern
84%
Idaho
83%
North Dakota State
83%
Montana State
81%
South Dakota State
81%
Idaho State
79%
Maine
74%
New Hampshire
71%
Delaware
68%
Eastern Washington
68%
Villanova
68%
Rhode Island
67%
Stephen F. Austin
66%
Jackson State
65%
Missouri State
64%
Portland State
64%
James Madison
63%
Georgetown
62%
Northern Arizona
61%
Southern Illinois
61%
Alabama A&M
60%
Albany
60%
Butler
60%
Illinois State
60%
Indiana State
60%
San Diego
60%
Grambling State
59%
Richmond
59%
The Citadel
59%
Jacksonville State
58%
Florida A&M
57%
Sacramento State
57%
Dayton
56%
Eastern Illinois
56%
Northern Iowa
56%
Alabama State
55%
Colgate
55%
Lehigh
55%
Delaware State
54%
Drake
54%
Holy Cross
54%
Southern Utah
54%
Western Illinois
54%
Weber State
53%
Alcorn State
52%
Eastern Kentucky
52%
Howard
52%
Northern Colorado
52%
South Carolina State
52%
Tennessee State
52%
Youngstown State
52%
Bucknell
51%
Chattanooga
50%
William & Mary
50%
Fordham
49%
Virginia Military Institute
49%
Cal Poly
48%
Charleston Southern
48%
East Tennessee State
48%
Elon
48%
Lafayette
48%
Long Island
48%
Mississippi Valley State
48%
Sam Houston State
48%
Towson
48%
Valparaiso
48%
Wofford
48%
Mercer
47%
Norfolk State
47%
Marist
46%
Stony Brook
46%
Campbell
45%
Furman
45%
Morehead State
45%
Murray State
45%
North Carolina Central
45%
Stetson
45%
Abilene Christian
44%
Austin Peay
44%
Central Arkansas
44%
Davidson
44%
Duquesne
44%
Lamar
44%
Samford
44%
Tennessee Tech
44%
UC Davis
44%
Bethune-Cookman
43%
Central Connecticut
43%
Kennesaw State
43%
Prairie View A&M
43%
Bryant
42%
Robert Morris
42%
Texas Southern
42%
McNeese State
41%
Presbyterian
41%
Saint Francis
41%
Western Carolina
41%
Arkansas-Pine Bluff
40%
Hampton
40%
Incarnate Word
40%
Morgan State
40%
North Carolina A&T
40%
Tarleton State
40%
Houston Baptist
39%
Merrimack
39%
Nicholls
39%
North Alabama
38%
Northwestern State
38%
Sacred Heart
38%
Southeast Missouri State
38%
Wagner
38%
Gardner-Webb
37%
Dixie State
36%
Monmouth
36%
Saint Thomas
33%
Southeastern Louisiana
30%
UT Martin
30%

Score Distribution

Percentile by Number Answered

Percent of People with Each Score

Your Score History

You have not taken this quiz since the last reset